000 00221nam a22000857a 4500
008 170526b xxu||||| |||| 00| 0 eng d
100 _93131
_aMattel
245 _aBarlie and the egypt
260 _aMumbai
_bEgmont Publication
_c1998
999 _c6422
_d6422